00249nam a2200097Ia 4500008004100000100002400041245004000065260002200105942000700127999001700134190216s9999||||xx |||||||||||||| ||und|| aGopalakrishnan Nair 0aKuandam Balathanthrathinde Harisree bKerala Basha Inst cBK c37748d37748